header

Understanding Stuart Hall (Record no. 73978)

MARC details
000 -LEADER
fixed length control field 01273nam a2200337 a 4500
082 04 - DEWEY DECIMAL CLASSIFICATION NUMBER
Classification number 300/.92
100 1# - MAIN ENTRY--AUTHOR NAME
Personal name Davis, Helen.
245 10 - TITLE STATEMENT
Title Understanding Stuart Hall
260 ## - PUBLICATION, DISTRIBUTION, ETC. (IMPRINT)
Place of publication London ;
-- Thousand Oaks, Calif. :
Name of publisher SAGE Publications,
Year of publication 2004.
300 ## - PHYSICAL DESCRIPTION
Number of Pages ix, 222 p.
650 #0 - SUBJECT ADDED ENTRY--TOPICAL TERM
Topical Term Culture
Topical Term Sociology
856 40 - ELECTRONIC LOCATION AND ACCESS
Uniform Resource Identifier http://site.ebrary.com/lib/rucke/Doc?id=10076737

No items available.

© 2026 Rongo University
Contact us: librarian | system librarian | Rongo university